Eredmény tervezése és előrejelzése a Lidl Magyarország Kereskedelmi Bt.-nél

Bibliographic Details
Main Author: Rózsa Ramóna
Other Authors: Ilyés Dr. Csaba
Format: Thesis
Kulcsszavak:Controlling
Tervezés
Előrejelzés
Online Access:http://dolgozattar.uni-bge.hu/16333

MARC

LEADER 00000nta a2200000 i 4500
001 dolg16333
005 20180516093531.0
008 180516suuuu hu om 000 hun d
040 |a BGE Dolgozattár Repozitórium  |b hun 
041 |a hu 
100 1 |a Rózsa Ramóna 
245 1 0 |a Eredmény tervezése és előrejelzése a Lidl Magyarország Kereskedelmi Bt.-nél  |c Rózsa Ramóna  |h [elektronikus dokumentum] 
695 |a Controlling 
695 |a Tervezés 
695 |a Előrejelzés 
700 1 |a Ilyés Dr. Csaba  |e ths 
856 4 0 |u http://dolgozattar.uni-bge.hu/16333/12/Szakdolgozat_R%C3%B3zsa_Ram%C3%B3na_2018_v2.pdf  |z Dokumentum-elérés 
856 4 0 |u http://dolgozattar.uni-bge.hu/16333/2/titkositas%202.pdf  |z Dokumentum-elérés